000 00596nam a2200193Ia 4500
005 20260114185750.0
008 008 260114s9999 xx 000 0 eng d
020 _a9781350111592
037 _aEBOOK
040 _aCRL
_beng
_cCRL
041 _aeng
_2eng
084 _qCRL
100 _aYasmine Nachabe Taan
_9874130
245 0 _aReading Marie al-Khazen?s Photographs Gender, Photography, Mandate Lebanon
260 _bBloomsbury
_c2020
856 _uhttps://doi.org/10.5040/9781350111592?locatt=label:secondary_bloomsburyCollections
942 _cEBOOK
999 _c1473066
_d1473066